00333nam a2200133Ia 4500003000400000008004100004020002500045040000800070100001800078245005700096260002600153300000700179365001300186LDD181029s9999 xx 000 0 und d a1412928990cP 375.00 cLDD aClare, Thomas 0aCorporate governance and globalizationcThomas Clare aNew DelhibSagec2006 a3v bP 375.00